Villes vue du ciel - Statistiques

Statistiques générales
  • Ce quiz a été pris 163 fois
  • Le résultat moyen est 13 sur 20
Statistiques - réponses
Par images Réponse % Correct
Rio de Janeiro
100%
New York
98%
Londres
96%
Dubaï
91%
Venise
88%
Paris
84%
Amsterdam
82%
Barcelone
79%
Miami
72%
Los Angeles
69%
Shanghai
60%
Sydney
60%
Tokyo
60%
Berlin
58%
Istanbul
54%
Kuala Lumpur
43%
Moscou
40%
Le Cap
37%
Hong Kong
36%
Séoul
29%
Aucun quiz correspondant
Distribution des résultats
% des personnes avec chaque résultat
Percentile par nombre de réponses
Votre historique - résultats
Vous n’avez pas pris ce quiz